Turning the fish soup into fish (Record no. 94568)

MARC details
000 -LEADER
fixed length control field 01707cam a2200385 4500
008 - FIXED-LENGTH DATA ELEMENTS--GENERAL INFORMATION
fixed length control field 090401t1996 xxu||||| |||| 00| 0 eng d
020 ## - INTERNATIONAL STANDARD BOOK NUMBER
International Standard Book Number 0854067299
022 ## - INTERNATIONAL STANDARD SERIAL NUMBER
International Standard Serial Number 1354-506X
035 ## - SYSTEM CONTROL NUMBER
System control number (Sirsi) u63472
041 ## - LANGUAGE CODE
Language code of text/sound track or separate title eng
050 ## - LIBRARY OF CONGRESS CALL NUMBER
Classification number 333.33094977
-- 18
090 ## - LOCALLY ASSIGNED LC-TYPE CALL NUMBER (OCLC); LOCAL CALL NUMBER (RLIN)
Classification number (OCLC) (R) ; Classification number, CALL (RLIN) (NR) RICS 1996/8ABCD
100 ## - MAIN ENTRY--PERSONAL NAME
Personal name Home, Robert
245 ## - TITLE STATEMENT
Title Turning the fish soup into fish
Remainder of title towards new land and property in Bulgaria
260 ## - PUBLICATION, DISTRIBUTION, ETC.
Place of publication, distribution, etc. London
Name of publisher, distributor, etc. RICS
Date of publication, distribution, etc. 1996
300 ## - PHYSICAL DESCRIPTION
Extent i, 33p.
Dimensions 30cm.
350 ## - PRICE (NR) (BK AM CF MU VM SE) [OBSOLETE]
Price 7.95
490 ## - SERIES STATEMENT
Series statement RICS Foundation Research Papers
Volume/sequential designation 1(9)
520 ## - SUMMARY, ETC.
Summary, etc. Discusses the emergence of new approaches to the valuation and management of property, and the growth of a new profession of property valuers and managers. Particularly important in the reform programme has been the restitution of farmlands (formerly collectivized by state policy), and that process is analysed, together with the associated reform of cadastral and mapping organizations, and the anticipated creation of a new land registry system. The reform of local government is linked with these issues, along with the strengthening of local land use planning and environmental protection programmes. Problems associated with the consolidation of reforms initiated after 1990 are examined.
650 ## - SUBJECT ADDED ENTRY--TOPICAL TERM
Topical term or geographic name entry element BULGARIA
650 ## - SUBJECT ADDED ENTRY--TOPICAL TERM
Topical term or geographic name entry element CADASTRE
650 ## - SUBJECT ADDED ENTRY--TOPICAL TERM
Topical term or geographic name entry element ENVIRONMENTAL PROTECTION
650 ## - SUBJECT ADDED ENTRY--TOPICAL TERM
Topical term or geographic name entry element LAND LAW
650 ## - SUBJECT ADDED ENTRY--TOPICAL TERM
Topical term or geographic name entry element LAND REFORM
650 ## - SUBJECT ADDED ENTRY--TOPICAL TERM
Topical term or geographic name entry element LAND REGISTRATION
650 ## - SUBJECT ADDED ENTRY--TOPICAL TERM
Topical term or geographic name entry element PLANNING
650 ## - SUBJECT ADDED ENTRY--TOPICAL TERM
Topical term or geographic name entry element PROPERTY LAW
650 ## - SUBJECT ADDED ENTRY--TOPICAL TERM
Topical term or geographic name entry element PROPERTY MARKET
690 ## - LOCAL SUBJECT ADDED ENTRY--TOPICAL TERM (OCLC, RLIN)
Topical term or geographic name as entry element LAND
700 ## - ADDED ENTRY--PERSONAL NAME
Personal name Ouzounova, Tatiana
700 ## - ADDED ENTRY--PERSONAL NAME
Personal name Rizov, Marian
710 ## - ADDED ENTRY--CORPORATE NAME
Corporate name or jurisdiction name as entry element Royal Institution of Chartered Surveyors
9 (RLIN) 4900
942 ## - ADDED ENTRY ELEMENTS (KOHA)
Suppress in OPAC 0
948 ## - LOCAL PROCESSING INFORMATION (OCLC); SERIES PART DESIGNATOR (RLIN)
c (OCLC) 04/03/1997
Holdings
Withdrawn status Lost status Source of classification or shelving scheme Damaged status Not for loan Home library Current library Shelving location Date acquired Cost, normal purchase price Total Checkouts Full call number Barcode Date last seen Copy number Cost, replacement price Price effective from Koha item type
    Dewey Decimal Classification     London London RICS Boxes 04/03/1996 7.95   RICS 1996/8 30049596 06/08/2019 1 7.95 06/08/2019 Archive
    Dewey Decimal Classification     London London RICS Boxes 04/03/1996 7.95   RICS 1996/8 30049597 06/08/2019 2 7.95 06/08/2019 Reference material
    Dewey Decimal Classification     London London RICS Boxes 04/03/1996 7.95   RICS 1996/8 30049598 06/08/2019 3 7.95 06/08/2019 Book
    Dewey Decimal Classification     London London RICS Boxes 04/03/1996 7.95   RICS 1996/9 30049599 06/08/2019 1 7.95 06/08/2019 Book